Sports Quiz

Random Sports Quiz

Liverpool FC captains Quiz Stats

 Plays Quiz not verified by Sporcle

Score 0/21 Timer 06:00
0 Plays Today
Season(s) Player % Correct
2003-2015Steven Gerrard
98.9%
2015-presentJordan Henderson
97.7%
2000-2001Sami Hyypia
92%
2002-2003Sami Hyypia
92%
1996-1997John Barnes
88.6%
2000-2001Robbie Fowler
88.6%
1993-1996Ian Rush
87.5%
1978-1978Kenny Dalglish
83%
1999-2002Jamie Redknapp
83%
1982-1984Graeme Souness
81.8%
1985-1988Alan Hansen
77.3%
Season(s) Player % Correct
1989-1990Alan Hansen
77.3%
1973-1979Emlyn Hughes
76.1%
1984-1985Phil Neal
68.2%
1979-1981Phil Thompson
67%
1997-1999Paul Ince
67%
1970-1973Tommy Smith
64.8%
1991-1993Mark Wright
60.2%
1988-1989Ronnie Whelan
54.5%
1990-1991Ronnie Whelan
54.5%
1990-1991Glenn Hysen
28.4%

You're not logged in!

Compare scores with friends on all Sporcle quizzes.
OR
Log In

Sporcle TV

Today on Sporcle TV


Watch our educational content, quiz creation guides, and fun videos on Sporcle TV.

Show Comments

Extras

Created Jul 20, 2019ReportNominate
Tags:1970, captain, club, Liverpool, player, season

Top Quizzes Today


Score Distribution

Your Account Isn't Verified!

In order to create a playlist on Sporcle, you need to verify the email address you used during registration. Go to your Sporcle Settings to finish the process.

Report this User

Report this user for behavior that violates our Community Guidelines.

Details: